[Event "20e tournoi d'automne"]
[Site "Montigny le Bretonneux"]
[Date "2022.10.24"]
[Round "3.10"]
[White "Briquet, Tom"]
[Black "Demiro O Domiro, Marc"]
[Result "0-1"]
[WhiteElo "1329"]
[BlackElo "1639"]
[Annotator "Rivier,Sylvain"]
[PlyCount "124"]
[EventDate "2022.??.??"]

{Défense sicilienne, variante Löwenthal} 1. e4 c5 2. Nf3 Nc6 3. d4 cxd4 4. Nxd4
Nf6 5. Nc3 e5 6. Ndb5 d6 7. Bg5 a6 8. Na3 b5 9. Nd5 Be7 10. Nxe7 Qxe7 11. Bd3
h6 12. Bh4 g5 13. Bg3 Be6 14. c3 d5 15. Qe2 d4 16. Qd2 Nd7 17. Rc1 Bxa2 18. Ra1
Qe6 19. b4 Bc4 20. Nxb5 Bxb5 21. Bxb5 O-O 22. Bxc6 Qxc6 23. O-O dxc3 24. Qc2
Rfb8 25. Ra3 Rxb4 26. Rxc3 Qxe4 27. Rc8+ Rxc8 28. Qxc8+ Nf8 29. Qxa6 Ng6 30.
Qc8+ Kg7 31. Qc3 Rb1 32. h3 Rxf1+ 33. Kxf1 h5 34. f3 Qb1+ 35. Kf2 Qa2+ 36. Kf1
Qd5 37. Qe3 h4 38. Bh2 Qd1+ 39. Kf2 Qc2+ 40. Ke1 Qb1+ 41. Kf2 Qc2+ 42. Ke1 Qb1+
43. Kd2 Qb2+ 44. Ke1 Nf4 45. Bxf4 Qb4+ 46. Ke2 Qxf4 47. Qxf4 gxf4 48. Kd3 Kf6
49. Kc4 Ke6 50. Kc5 f5 51. Kc4 Kd6 52. Kc3 Kc5 53. Kd3 Kd5 54. Kc3 e4 55. Kd2
Kd4 56. fxe4 fxe4 57. Ke2 e3 58. Ke1 Kd3 59. Kf1 e2+ 60. Ke1 Ke3 61. g4 hxg3
62. h4 g2 0-1

[Event "20e tournoi d'automne"]
[Site "Montigny le Bretonneux"]
[Date "2022.10.24"]
[Round "3.11"]
[White "Daele, Herve"]
[Black "Schwartz, Timothee"]
[Result "1/2-1/2"]
[WhiteElo "1591"]
[BlackElo "1334"]
[Annotator "Rivier,Sylvain"]
[PlyCount "138"]
[EventDate "2022.??.??"]

{Défense est-indienne} 1. d4 Nf6 2. c4 g6 3. Nc3 Bg7 4. Nf3 d6 5. e3 O-O 6. g3
c5 7. d5 e6 8. Bg2 exd5 9. cxd5 Re8 10. O-O Nbd7 11. Bd2 a6 12. a4 b6 13. Rb1
Rb8 14. b4 c4 15. b5 Bb7 16. Nd4 Ne5 17. Qc2 a5 18. Qa2 Nfd7 19. f4 Ng4 20. Nc6
Bxc6 21. bxc6 Nc5 22. Nb5 Qf6 23. Rfe1 Ne4 24. Bxe4 Rxe4 25. Bc3 Qe7 26. Bxg7
Kxg7 27. Qa3 Rxe3 28. Rxe3 Qxe3+ 29. Qxe3 Nxe3 30. Nxd6 Nxd5 31. Nxc4 Rc8 32.
Nxb6 Rb8 33. Rb5 Nxb6 34. c7 Rc8 35. Rxb6 Rxc7 36. Rb5 Ra7 37. Kf2 Kf6 38. Ke3
Ke6 39. Kd4 Kd6 40. Rc5 Ra6 41. Kc4 Ra7 42. g4 Ra8 43. g5 Ra7 44. Re5 Ra8 45.
Kb5 Rc8 46. Re2 Rc5+ 47. Kb6 Rf5 48. Re4 Rd5 49. Rc4 Rf5 50. Rc6+ Kd7 51. Rf6
Rd5 52. Rxf7+ Ke6 53. Rxh7 Kf5 54. Rf7+ Kg4 55. Rf6 Kh5 56. Re6 Rd4 57. Kxa5
Rxf4 58. Re5 Rf5 59. Rxf5 gxf5 60. Kb6 f4 61. a5 f3 62. a6 f2 63. a7 f1=Q 64.
a8=Q Qb1+ 65. Kc7 Qc2+ 66. Kd7 Qh7+ 67. Ke6 Qg6+ 68. Kd7 Qf7+ 69. Kd6 Qg6+
1/2-1/2

[Event "20e tournoi d'automne"]
[Site "Montigny le Bretonneux"]
[Date "2022.10.24"]
[Round "3.12"]
[White "Kunne, Ronald"]
[Black "Alata, Aurelien"]
[Result "1-0"]
[WhiteElo "1533"]
[BlackElo "1306"]
[Annotator "Rivier,Sylvain"]
[PlyCount "127"]
[EventDate "2022.??.??"]

{Défense Petroff} 1. e4 e5 2. Nf3 Nf6 3. Nxe5 d6 4. Nf3 Nxe4 5. Nc3 Nxc3 6.
dxc3 Be7 7. Be3 Bg4 8. h3 Bh5 9. Qd5 Bxf3 10. Qxf3 Nc6 11. O-O-O O-O 12. h4 h6
13. Qh5 Ne5 14. Be2 Qe8 15. g4 f5 16. Qxe8 Raxe8 17. g5 f4 18. Bd4 f3 19. Bb5
c6 20. Bxe5 cxb5 21. Bxd6 hxg5 22. Bxe7 Rxe7 23. hxg5 g6 24. Rd6 Re2 25. Rf1
Rf5 26. Rd3 Kf7 27. Kd1 b6 28. Rxf3 Rxf3 29. Kxe2 Rf5 30. Rg1 Ke6 31. f3 Kd5
32. Rg4 Kc5 33. b4+ Kd5 34. Ke3 Re5+ 35. Kd3 Rf5 36. Rd4+ Ke5 37. Re4+ Kd5 38.
f4 Kd6 39. Rd4+ Ke6 40. Re4+ Kd6 41. Rd4+ Ke6 42. Ke4 a6 43. Rd8 a5 44. Rb8 a4
45. Rxb6+ Kf7 46. Rc6 Kg7 47. Rf6 Rxf6 48. gxf6+ Kxf6 49. c4 bxc4 50. b5 Ke6
51. b6 Kd6 52. Kd4 Kc6 53. b7 Kxb7 54. Kxc4 Kc6 55. a3 Kd6 56. Kd4 Ke6 57. c4
Kd6 58. c5+ Kc6 59. Kc4 Kd7 60. Kd5 Kc7 61. c6 Kc8 62. Kd6 Kd8 63. c7+ Kc8 64.
f5 1-0

[Event "20e tournoi d'automne"]
[Site "Montigny le Bretonneux"]
[Date "2022.10.24"]
[Round "3.13"]
[White "Larzilliere, Eric"]
[Black "Rauche, Michel"]
[Result "0-1"]
[WhiteElo "1457"]
[BlackElo "1298"]
[Annotator "Rivier,Sylvain"]
[PlyCount "56"]
[EventDate "2022.??.??"]

{Défense sicilienne, variante Rossolimo} 1. e4 c5 2. Nf3 Nc6 3. Bb5 g6 4. O-O
Bg7 5. Re1 e6 6. Bxc6 dxc6 7. c3 e5 8. Na3 Be6 9. Nc2 Qc7 10. b4 cxb4 11. Nxb4
Ne7 12. d4 exd4 13. Nxd4 Bc4 14. Qa4 O-O 15. Nbxc6 Nxc6 16. Qxc4 Rac8 17. Nb5
Qa5 18. Bf4 Ne5 19. Qd5 Rfd8 20. Qxb7 Rb8 21. Qxa7 Qxb5 22. Qe3 Rbc8 23. a4 Qa5
24. Rec1 Nd3 25. Rd1 Nxf4 26. Rxd8+ Rxd8 27. Qxf4 Bxc3 28. Rc1 Bd2 0-1

[Event "20e tournoi d'automne"]
[Site "Montigny le Bretonneux"]
[Date "2022.10.24"]
[Round "3.14"]
[White "Mouton, Galina"]
[Black "Rosu, Matei"]
[Result "1-0"]
[WhiteElo "1406"]
[BlackElo "1118"]
[Annotator "Rivier,Sylvain"]
[PlyCount "75"]
[EventDate "2022.??.??"]

{Gambit dame, défense Lasker moderne} 1. Nf3 d5 2. d4 Nc6 3. c4 e6 4. Nc3 Nf6
5. Bg5 Be7 6. e3 O-O 7. Rc1 h6 8. Bh4 Bd7 9. cxd5 exd5 10. Bxf6 Bxf6 11. Nxd5
Be6 12. Nxf6+ Qxf6 13. b3 Rad8 14. g3 Bd5 15. Bg2 Rfe8 16. O-O Re7 17. a3 Qe6
18. b4 a6 19. Rc3 a5 20. b5 Bc4 21. bxc6 Bxf1 22. Qxf1 Rb8 23. cxb7 Rxb7 24.
Ne5 Rb6 25. Qc1 Qf5 26. Qd2 Rd6 27. Qc2 Qe6 28. Rxc7 f6 29. Rxe7 Qxe7 30. Qc4+
Kh7 31. Qc2+ Kg8 32. Ng6 Qf7 33. Qc8+ Kh7 34. Be4 f5 35. Qxf5 Qxg6 36. Qe5 Re6
37. Bxg6+ Rxg6 38. d5 1-0

[Event "20e tournoi d'automne"]
[Site "Montigny le Bretonneux"]
[Date "2022.10.24"]
[Round "3.15"]
[White "Rosu, Alexandru"]
[Black "Ndika, Anthony"]
[Result "1-0"]
[WhiteElo "1428"]
[BlackElo "1265"]
[Annotator "Rivier,Sylvain"]
[PlyCount "53"]
[EventDate "2022.??.??"]

{Défense française, variante d'échange} 1. e4 e6 2. d4 d5 3. exd5 exd5 4. c4
Nf6 5. Nc3 Be7 6. Nf3 b6 7. Bd3 dxc4 8. Bxc4 Ba6 9. Qa4+ Qd7 10. Bxf7+ Kf8 11.
Qxd7 Nbxd7 12. Bb3 Re8 13. Be3 Bd3 14. Ng5 Bf5 15. O-O a6 16. Nf3 Bd3 17. Rfe1
Bd6 18. Bd2 Ne4 19. Nxe4 Bxe4 20. Ne5 Nxe5 21. dxe5 Rxe5 22. f3 Bb7 23. Rxe5
Bxe5 24. Re1 Bxb2 25. Bf4 Bd4+ 26. Kh1 c5 27. Bd6# 1-0

[Event "20e tournoi d'automne"]
[Site "Montigny le Bretonneux"]
[Date "2022.10.24"]
[Round "3.16"]
[White "Montay, Jean-Paul"]
[Black "Plantet, Marc"]
[Result "0-1"]
[WhiteElo "1229"]
[BlackElo "1739"]
[Annotator "Rivier,Sylvain"]
[PlyCount "64"]
[EventDate "2022.??.??"]

{Défense sicilienne, fianchetto accéléré moderne} 1. e4 c5 2. Nf3 Nc6 3. d4
cxd4 4. Nxd4 g6 5. Bc4 Bg7 6. Be3 Nf6 7. Nc3 Qa5 8. O-O O-O 9. Qe2 Nxe4 10.
Nxc6 bxc6 11. Nd1 d5 12. Bb3 Rb8 13. f3 Nd6 14. Qe1 Qxe1 15. Rxe1 d4 16. Bd2 e5
17. Rb1 c5 18. Bd5 c4 19. Bg5 Bf5 20. Be4 Nxe4 21. fxe4 Be6 22. c3 f5 23. Nf2
d3 24. Bd2 Rfd8 25. Kh1 a5 26. a3 a4 27. g3 Rb5 28. Kg2 Rdb8 29. Nd1 fxe4 30.
Rxe4 Bd5 31. Kf3 Rf8+ 32. Ke3 Bh6+ 0-1

[Event "20e tournoi d'automne"]
[Site "Montigny le Bretonneux"]
[Date "2022.10.24"]
[Round "3.17"]
[White "Ganbat, Tushig"]
[Black "Bisson, Bernard"]
[Result "1-0"]
[WhiteElo "1309"]
[BlackElo "1228"]
[Annotator "Rivier,Sylvain"]
[PlyCount "85"]
[EventDate "2022.??.??"]

{Début Ponziani} 1. e4 e5 2. Nf3 Nc6 3. c3 Nf6 4. Qc2 Bc5 5. h3 O-O 6. b4 Be7
7. Be2 d5 8. d3 d4 9. b5 Na5 10. c4 Bb4+ 11. Bd2 Qe7 12. O-O b6 13. Bxb4 Qxb4
14. Nxe5 Qc5 15. Nf3 Nd7 16. Qb2 Rd8 17. Qxd4 Qxd4 18. Nxd4 Nf6 19. Nf3 Nb7 20.
Nc3 a6 21. bxa6 Rxa6 22. d4 Ra3 23. Nb5 Ra5 24. e5 Nh5 25. Nxc7 Nf4 26. Rfe1
Nxe2+ 27. Rxe2 Bf5 28. Re3 h6 29. d5 Nc5 30. e6 fxe6 31. dxe6 Nxe6 32. Nxe6
Bxe6 33. Rxe6 Rc8 34. Rxb6 Rxc4 35. Nd2 Rc8 36. Nb3 Ra4 37. Rb5 Ra7 38. a4 Rac7
39. a5 Rc2 40. a6 Re8 41. a7 Ree2 42. a8=Q+ Kh7 43. Nd4 1-0

[Event "20e tournoi d'automne"]
[Site "Montigny le Bretonneux"]
[Date "2022.10.24"]
[Round "3.18"]
[White "Larzilliere, Yoan"]
[Black "Marillonnet, Paul"]
[Result "1-0"]
[WhiteElo "1199"]
[BlackElo "1278"]
[Annotator "Rivier,Sylvain"]
[PlyCount "49"]
[EventDate "2022.??.??"]

{Défense sicilienne, variante Taïmanov} 1. e4 c5 2. Nf3 Nc6 3. d4 cxd4 4. Nxd4
e6 5. Bb5 a6 6. Nxc6 bxc6 7. Ba4 Nf6 8. Nc3 Be7 9. O-O O-O 10. Be3 Bb7 11. f4
d5 12. e5 Nd7 13. Qh5 Bc5 14. Bxc5 Nxc5 15. Bb3 Nxb3 16. axb3 d4 17. Ne4 c5 18.
Nd6 Bd5 19. f5 exf5 20. Rf4 f6 21. Rh4 h6 22. Nxf5 fxe5 23. Nxh6+ gxh6 24. Qg6+
Kh8 25. Rxh6# 1-0

[Event "20e tournoi d'automne"]
[Site "Montigny le Bretonneux"]
[Date "2022.10.24"]
[Round "3.19"]
[White "Aidan, David"]
[Black "Boye-Monneret, Leonard"]
[Result "1-0"]
[WhiteElo "1266"]
[BlackElo "1199"]
[Annotator "Rivier,Sylvain"]
[PlyCount "35"]
[EventDate "2022.??.??"]

{Défense Caro-Kann, variante des deux cavaliers} 1. e4 c6 2. Nf3 d5 3. Nc3 Bg4
4. h3 Bxf3 5. Qxf3 d4 6. Ne2 e5 7. Ng3 Nf6 8. Bc4 Nbd7 9. O-O Be7 10. d3 Qc7
11. Nf5 Bc5 12. Nxg7+ Ke7 13. Bg5 Rag8 14. Bxf6+ Nxf6 15. Nf5+ Ke8 16. Nh6 Rg7
17. Qxf6 Rf8 18. Qxg7 1-0

[Event "20e tournoi d'automne"]
[Site "Montigny le Bretonneux"]
[Date "2022.10.25"]
[Round "4.1"]
[White "Divies, Renaud"]
[Black "Martin-Breteau, Paul"]
[Result "1-0"]
[WhiteElo "1930"]
[BlackElo "1329"]
[Annotator "Rivier,Sylvain"]
[PlyCount "59"]
[EventDate "2022.??.??"]

{Ouverture anglaise, variante Botvinnik} 1. c4 c5 2. Nc3 Nc6 3. g3 g6 4. Bg2
Bg7 5. e4 d6 6. Nge2 Bg4 7. h3 Bxe2 8. Nxe2 e5 9. O-O Nge7 10. f4 O-O 11. f5
Nc8 12. d3 Nd4 13. Nc3 Nb6 14. Be3 a6 15. Rf2 f6 16. h4 Qe8 17. g4 Kf7 18. g5
Ke7 19. Qg4 Qd7 20. Bf3 Rg8 21. Kh1 gxf5 22. exf5 Raf8 23. Qh5 Kd8 24. Ne4 Na8
25. Rg1 Bh8 26. gxf6 Rxg1+ 27. Kxg1 Nc7 28. Bh6 Rg8+ 29. Kh2 Bg7 30. fxg7 1-0

[Event "20e tournoi d'automne"]
[Site "Montigny le Bretonneux"]
[Date "2022.10.25"]
[Round "4.2"]
[White "Forissier, Nicolas"]
[Black "Gouanelle, Franck"]
[Result "0-1"]
[WhiteElo "1922"]
[BlackElo "2065"]
[Annotator "Rivier,Sylvain"]
[PlyCount "160"]
[EventDate "2022.??.??"]

{DÃ©fense hollandaise} 1. d4 e6 2. c4 d5 3. Nc3 c6 4. Nf3 f5 5. e3 Nf6 6. Bd3
Bd6 7. O-O O-O 8. a4 Ne4 9. Qc2 Nd7 10. b3 Qe7 11. Nb1 b6 12. Ba3 c5 13. Nc3
Bb7 14. cxd5 exd5 15. Nb5 Bb8 16. dxc5 bxc5 17. Rfd1 Rf6 18. Rac1 Rg6 19. Nbd4
Qf6 20. Ne2 Rh6 21. Nf4 g5 22. Bb2 Qe7 23. Bxe4 fxe4 24. Nxd5 Bxd5 25. Rxd5
exf3 26. Rcd1 Bxh2+ 27. Kf1 fxg2+ 28. Kxg2 Nb6 29. Qc3 Nxd5 30. Qh8+ Kf7 31.
Qg7+ Ke8 32. Qg8+ Kd7 33. Qxd5+ Bd6 34. Qb7+ Ke6 35. Qxa8 Kf7 36. Qd5+ Qe6 37.
Qf3+ Kg8 38. Qa8+ Bf8 39. Rd8 Qh3+ 40. Kg1 Qg4+ 41. Qg2 Qxg2+ 42. Kxg2 Rc6 43.
Be5 a6 44. Kg3 Kf7 45. Kg4 c4 46. bxc4 Rxc4+ 47. Rd4 Rxd4+ 48. Bxd4 Kg6 49. e4
h5+ 50. Kh3 Be7 51. f3 Kf7 52. Bb6 Ke6 53. Bc7 Kd7 54. Ba5 Kc6 55. Bd2 Kc5 56.
Kg3 Kd4 57. Ba5 Bd6+ 58. Kg2 Kc4 59. Bd8 Bf4 60. Bf6 Kb4 61. e5 Kc5 62. Bd8 Kd5
63. Bf6 Ke6 64. Kh3 Kf5 65. Bd8 Bxe5 66. Kg2 Bf4 67. Be7 Ke6 68. Bd8 Kd5 69. a5
Kc4 70. Kh3 Kb5 71. Kg2 Kc4 72. Bb6 Kd3 73. Bd8 Ke2 74. Bf6 h4 75. Bd8 h3+ 76.
Kxh3 Kxf3 77. Bb6 g4+ 78. Kh4 Bd2 79. Bc7 Be1+ 80. Kg5 g3 0-1

[Event "20e tournoi d'automne"]
[Site "Montigny le Bretonneux"]
[Date "2022.10.25"]
[Round "4.3"]
[White "Orfila, Kristofer"]
[Black "Duget, Long Jc"]
[Result "1-0"]
[WhiteElo "1740"]
[BlackElo "1639"]
[Annotator "Rivier,Sylvain"]
[PlyCount "75"]
[EventDate "2022.??.??"]

{DÃ©fense hollandaise-indienne} 1. d4 f5 2. Nf3 Nf6 3. g3 e6 4. Bg2 c6 5. O-O
d5 6. c4 Bd6 7. Nc3 O-O 8. b3 Qe7 9. e3 Bd7 10. Bb2 Be8 11. Qc1 Ne4 12. Ne5 Nd7
13. Nxd7 Bxd7 14. f3 Nxc3 15. Qxc3 h5 16. e4 Bb4 17. Qe3 c5 18. exd5 cxd4 19.
Bxd4 f4 20. Qe5 Rf5 21. Qe4 e5 22. Bf2 Raf8 23. Rac1 b6 24. Rfd1 Qd6 25. Kh1 g6
26. Qe2 fxg3 27. Bxg3 Qf6 28. Bh3 Bc8 29. Bxf5 Qxf5 30. Rf1 Bd6 31. Qe4 g5 32.
Qxf5 Bxf5 33. Rfe1 Re8 34. Bf2 Bb4 35. Red1 e4 36. Bxb6 exf3 37. d6 Be4 38. Kg1
1-0

[Event "20e tournoi d'automne"]
[Site "Montigny le Bretonneux"]
[Date "2022.10.25"]
[Round "4.4"]
[White "Cogez, Celine"]
[Black "Delmas-Goyon, Francois"]
[Result "0-1"]
[WhiteElo "1651"]
[BlackElo "1899"]
[Annotator "Rivier,Sylvain"]
[PlyCount "112"]
[EventDate "2022.??.??"]

{DÃ©fense sicilienne, variante Alapine} 1. e4 c5 2. c3 d5 3. exd5 Qxd5 4. d4
Nf6 5. Nf3 e6 6. Na3 Qd8 7. Be3 cxd4 8. Qa4+ Bd7 9. Qxd4 Nc6 10. Qd3 Bxa3 11.
bxa3 Qa5 12. Bc1 O-O 13. Be2 e5 14. Qc2 e4 15. Nd2 Rac8 16. Nc4 Qc7 17. O-O b5
18. Ne3 Qa5 19. Rd1 Be6 20. Qb2 a6 21. Bd2 Qc7 22. a4 bxa4 23. Bxa6 Qa5 24.
Bxc8 Rxc8 25. Qa3 h5 26. Nc2 h4 27. c4 Qh5 28. Ne1 Nd4 29. Qe3 Rxc4 30. Qg5
Qxg5 31. Bxg5 h3 32. Bxf6 gxf6 33. Rd2 hxg2 34. Kxg2 f5 35. Rad1 Nc6 36. Nc2
Ne5 37. Ne3 Rc3 38. Kg3 Nd3 39. Kh4 Kg7 40. Kg5 f6+ 41. Kh4 f4 42. Rg1+ Kf7 43.
Ng4 f5 44. Nh6+ Kf6 45. Kh5 Ne5 46. h4 Rc8 47. Rd6 Rh8 48. Ra6 e3 49. fxe3 fxe3
50. Rf1 Ke7 51. Ra7+ Nd7 52. Kg5 Rf8 53. Rxa4 Nc5 54. Ra7+ Kd6 55. Ra3 Ne4+ 56.
Kf4 e2 0-1

[Event "20e tournoi d'automne"]
[Site "Montigny le Bretonneux"]
[Date "2022.10.25"]
[Round "4.5"]
[White "Li, Zi-Long"]
[Black "Ascencio-Parvy, Joseph"]
[Result "1/2-1/2"]
[WhiteElo "1771"]
[BlackElo "1650"]
[Annotator "Rivier,Sylvain"]
[PlyCount "118"]
[EventDate "2022.??.??"]

{Gambit Benko accepté} 1. d4 Nf6 2. c4 c5 3. d5 b5 4. cxb5 a6 5. bxa6 g6 6. Nc3
Bg7 7. e4 O-O 8. Bc4 Qa5 9. a7 Rxa7 10. Bd2 Qb6 11. e5 Ne8 12. f4 d6 13. Nb5
Ra8 14. Bc3 Nd7 15. Nf3 Nc7 16. Qe2 Bb7 17. Nxc7 Qxc7 18. O-O Nb6 19. Rfd1 Na4
20. Be1 Rfb8 21. b3 Nb6 22. Bc3 Qc8 23. a4 Nxc4 24. bxc4 Ba6 25. Nd2 Qf5 26. g3
h5 27. Rf1 Qc2 28. Rfc1 Qf5 29. Rf1 Qc2 30. Rfc1 Qf5 31. a5 Ra7 32. Kg2 Bc8 33.
Rab1 Rab7 34. Rxb7 Rxb7 35. Qe4 Qh3+ 36. Kg1 h4 37. Qg2 Qf5 38. Qe4 Qh3 39. Qg2
Qf5 40. Qe4 Qh3 41. Qf3 Qf5 42. Kg2 Qh3+ 43. Kg1 Qf5 44. Qe3 Rb8 45. Kg2 hxg3
46. hxg3 Qd7 47. Ne4 Rb3 48. Nd2 Ra3 49. Ra1 Qa4 50. Rxa3 Qxa3 51. Qf3 Kf8 52.
Qe3 Qc1 53. Kf2 Qc2 54. Kf3 Qd1+ 55. Kf2 Qc2 56. Kf3 Qd1+ 57. Kf2 Qc2 58. Kf1
Bh3+ 59. Kf2 Bc8 1/2-1/2

[Event "20e tournoi d'automne"]
[Site "Montigny le Bretonneux"]
[Date "2022.10.25"]
[Round "4.6"]
[White "Demiro O Domiro, Marc"]
[Black "Yu, Matthieu"]
[Result "0-1"]
[WhiteElo "1639"]
[BlackElo "1743"]
[Annotator "Rivier,Sylvain"]
[PlyCount "138"]
[EventDate "2022.??.??"]

{Gambit dame, défense slave} 1. d4 d5 2. c4 c6 3. cxd5 cxd5 4. Nc3 Nf6 5. Bf4
Nc6 6. e3 Bf5 7. Bd3 Bxd3 8. Qxd3 Nh5 9. Bg5 h6 10. Bh4 g5 11. Bg3 Nxg3 12.
hxg3 e6 13. Nf3 Bd6 14. a3 Rc8 15. O-O h5 16. e4 dxe4 17. Nxe4 g4 18. Nh4 Be7
19. Rad1 f5 20. Nc5 Bxc5 21. dxc5 Qxd3 22. Rxd3 Rh7 23. Rd6 Ke7 24. Re1 Nd8 25.
b4 Kf6 26. Red1 Nc6 27. Rd7 Rc7 28. R7d6 Ne5 29. R1d4 Rhd7 30. f4 gxf3 31. gxf3
Rxd6 32. Rxd6 Nc4 33. Rd3 b5 34. f4 e5 35. fxe5+ Kxe5 36. Ng6+ Ke4 37. Nf4 h4
38. Nd5 Rg7 39. Rd1 Rxg3+ 40. Kf2 Rd3 41. Rxd3 Kxd3 42. c6 Nd6 43. c7 Nc8 44.
Kf3 Kc4 45. Ne3+ Kb3 46. Nxf5 Kxa3 47. Nxh4 Kxb4 48. Ke4 Kc5 49. Nf3 a6 50. Nd4
Kd6 51. Nb3 Kxc7 52. Kd5 Kb6 53. Kd4 Nd6 54. Kd5 Nc4 55. Nc5 Ne3+ 56. Kd4 Nf5+
57. Kd5 b4 58. Kc4 a5 59. Na4+ Kc6 60. Nc5 Nd6+ 61. Kd4 Kb5 62. Kd5 Nc4 63. Kd4
Nb6 64. Nd3 a4 65. Nc5 b3 66. Nd3 a3 67. Kc3 b2 68. Kc2 Na4 69. Kb1 Nc3+ 0-1

[Event "20e tournoi d'automne"]
[Site "Montigny le Bretonneux"]
[Date "2022.10.25"]
[Round "4.7"]
[White "Kunne, Ronald"]
[Black "Touiller, Thibault"]
[Result "0-1"]
[WhiteElo "1533"]
[BlackElo "1712"]
[Annotator "Rivier,Sylvain"]
[PlyCount "70"]
[EventDate "2022.??.??"]

{Défense française} 1. e4 e6 2. d3 d5 3. Nd2 c5 4. Ngf3 Nf6 5. g3 Nc6 6. Bg2
Be7 7. O-O O-O 8. e5 Nd7 9. Re1 b5 10. Nf1 Qb6 11. h4 Bb7 12. h5 Rfc8 13. h6 g6
14. N1h2 c4 15. d4 b4 16. c3 bxc3 17. bxc3 Qa5 18. Bd2 Rab8 19. Bh3 Ba6 20. Qc2
Rb6 21. Reb1 Rcb8 22. Rxb6 Qxb6 23. Bc1 Bc8 24. Nd2 Bg5 25. Nxc4 Nxd4 26. Qxg6+
hxg6 27. Nxb6 Ne2+ 28. Kf1 Nxc1 29. Nxd7 Bxd7 30. f4 Rb2 31. Rxc1 Rxh2 32. Bg2
Bd8 33. c4 Rxh6 34. cxd5 exd5 35. Bxd5 Be6 0-1

[Event "20e tournoi d'automne"]
[Site "Montigny le Bretonneux"]
[Date "2022.10.25"]
[Round "4.8"]
[White "Rauche, Michel"]
[Black "Kvashyna, Tetyana"]
[Result "0-1"]
[WhiteElo "1298"]
[BlackElo "1677"]
[Annotator "Rivier,Sylvain"]
[PlyCount "76"]
[EventDate "2022.??.??"]

{Ouverture anglaise, variante Nimzo refusÃ©e} 1. c4 e6 2. Nc3 d5 3. e3 Nf6 4.
g3 Be7 5. Bg2 O-O 6. b3 c5 7. d4 cxd4 8. exd4 Nc6 9. Nge2 dxc4 10. bxc4 Na5 11.
c5 Nc6 12. O-O Qd7 13. h3 Rd8 14. Be3 Nb4 15. Rb1 Nbd5 16. Nxd5 Nxd5 17. Bc1
Qc7 18. Qc2 b6 19. Ba3 Bb7 20. Qb3 Ba6 21. cxb6 axb6 22. Rfc1 Qd7 23. Bxe7 Qxe7
24. Nc3 Nxc3 25. Rxc3 Bb7 26. Rd3 Bxg2 27. Kxg2 Qb7+ 28. Kg1 Qe4 29. Rbd1 Rd6
30. a3 Rad8 31. Qc3 h5 32. h4 e5 33. d5 Rxd5 34. Rxd5 Rxd5 35. Rxd5 Qxd5 36.
Qc8+ Kh7 37. Qf5+ g6 38. Kh2 gxf5 0-1

[Event "20e tournoi d'automne"]
[Site "Montigny le Bretonneux"]
[Date "2022.10.25"]
[Round "4.9"]
[White "Daele, Herve"]
[Black "Mouton, Galina"]
[Result "0-1"]
[WhiteElo "1591"]
[BlackElo "1406"]
[Annotator "Rivier,Sylvain"]
[PlyCount "100"]
[EventDate "2022.??.??"]

{Gambit dame} 1. d4 d5 2. c4 e6 3. Nc3 c6 4. cxd5 exd5 5. Nf3 Be7 6. Bf4 Bf5 7.
e3 Nf6 8. Bd3 Bxd3 9. Qxd3 Nbd7 10. O-O O-O 11. h3 Re8 12. Rfe1 Bf8 13. Re2 b5
14. b3 a5 15. Rc1 h6 16. Rec2 Re6 17. Be5 Nb6 18. Ne2 Ba3 19. Rd1 Rc8 20. Nd2
Qd7 21. Nb1 Bf8 22. Nf4 Ree8 23. Bxf6 gxf6 24. Qe2 Kh8 25. Qf3 Be7 26. Qh5 Bf8
27. g4 Bg7 28. Re1 Rg8 29. f3 Bf8 30. Rg2 a4 31. bxa4 Nxa4 32. Nd3 Rg5 33. Qh4
Nb6 34. f4 Rg6 35. g5 fxg5 36. fxg5 Nc4 37. Nf4 Rd6 38. g6 f5 39. Nh5 Bg7 40.
Rf2 Rxg6+ 41. Rg2 Rxg2+ 42. Kxg2 Rg8 43. Kf3 Qe6 44. Qf4 Qe4+ 45. Qxe4 fxe4+
46. Ke2 Ra8 47. Rg1 Rxa2+ 48. Ke1 Bf8 49. Rf1 Bb4+ 50. Kd1 Nxe3+ 0-1

[Event "20e tournoi d'automne"]
[Site "Montigny le Bretonneux"]
[Date "2022.10.25"]
[Round "4.10"]
[White "Beaufils, Philippe"]
[Black "Petitgas, Aurelien"]
[Result "1/2-1/2"]
[WhiteElo "1774"]
[BlackElo "1516"]
[Annotator "Rivier,Sylvain"]
[PlyCount "94"]
[EventDate "2022.??.??"]

{DÃ©fense franÃ§aise, variante Steinitz} 1. e4 e6 2. d4 d5 3. Nc3 Nf6 4. e5 Ne4
5. Nf3 c5 6. Bb5+ Nc6 7. O-O a6 8. Bxc6+ bxc6 9. Ne2 Qb6 10. c3 cxd4 11. cxd4
c5 12. b3 a5 13. Re1 Ba6 14. Nf4 cxd4 15. Nxd4 Bb4 16. Be3 Bc5 17. Rc1 O-O 18.
Rxc5 Nxc5 19. Qg4 Bd3 20. h4 Bf5 21. Nxf5 exf5 22. Qg5 Qb4 23. Rc1 Ne6 24. Nxe6
fxe6 25. Bc5 Qb7 26. Bxf8 Kxf8 27. Qd2 Rc8 28. g3 Rc7 29. a3 Qc8 30. Rb1 Rc3
31. b4 axb4 32. axb4 Rc2 33. Qd4 Rc1+ 34. Rxc1 Qxc1+ 35. Kg2 Qc6 36. h5 Qb5 37.
Kf3 Ke8 38. Ke3 Qc6 39. Kd2 Kd7 40. Qa7+ Qc7 41. Qa4+ Qc6 42. b5 Qb6 43. Ke2
Kc7 44. f4 Qc5 45. Kd3 Qb6 46. Qb4 Kd7 47. Ke2 Ke8 1/2-1/2

[Event "20e tournoi d'automne"]
[Site "Montigny le Bretonneux"]
[Date "2022.10.25"]
[Round "4.11"]
[White "Schwartz, Timothee"]
[Black "Larzilliere, Eric"]
[Result "1-0"]
[WhiteElo "1334"]
[BlackElo "1457"]
[Annotator "Rivier,Sylvain"]
[PlyCount "53"]
[EventDate "2022.??.??"]

{Défense sicilienne, variante Najdorf} 1. e4 c5 2. Nf3 d6 3. d4 cxd4 4. Nxd4
Nf6 5. Nc3 a6 6. Bg5 e6 7. f4 Be7 8. Qf3 Qc7 9. O-O-O Nbd7 10. g4 O-O 11. Bxf6
Nxf6 12. g5 Nd7 13. f5 Bxg5+ 14. Kb1 e5 15. Nd5 Qd8 16. Nb3 Nf6 17. h4 Bxh4 18.
Qh3 Nxe4 19. Qxh4 Qxh4 20. Rxh4 Ng3 21. Bd3 Kh8 22. f6 g6 23. Rg1 Nf5 24. Bxf5
Bxf5 25. Ne7 Be6 26. Rgh1 h5 27. Rxh5+ 1-0

[Event "20e tournoi d'automne"]
[Site "Montigny le Bretonneux"]
[Date "2022.10.25"]
[Round "4.12"]
[White "Alata, Aurelien"]
[Black "Plantet, Marc"]
[Result "0-1"]
[WhiteElo "1306"]
[BlackElo "1739"]
[Annotator "Rivier,Sylvain"]
[PlyCount "78"]
[EventDate "2022.??.??"]

{Ouverture catalane, variante fermÃ©e} 1. d4 d5 2. c4 e6 3. Nf3 Nf6 4. g3 a6 5.
Bg2 c5 6. cxd5 exd5 7. O-O Nc6 8. b3 Bf5 9. Bb2 Qb6 10. dxc5 Bxc5 11. Bxf6 gxf6
12. Nc3 d4 13. Na4 Qa7 14. Nxc5 Qxc5 15. Rc1 Qd6 16. Qd2 Rd8 17. Rfd1 O-O 18.
h3 Rd7 19. g4 Be4 20. Nh2 Bxg2 21. Kxg2 Nb4 22. Rc4 Nc6 23. f4 h5 24. Rcc1 Re8
25. Rf1 Rde7 26. Rf2 Re3 27. Nf3 R8e4 28. Ne1 Rxf4 29. Rxf4 Qxf4 30. Nf3 Qe4
31. Kf2 Ne5 32. Nxd4 Qf4+ 33. Ke1 Nd3+ 34. Kd1 Qxd4 35. Rc8+ Kg7 36. Kc2 Nb4+
37. Kd1 Qxd2+ 38. Kxd2 Rxh3 39. Rc5 Nxa2 0-1

[Event "20e tournoi d'automne"]
[Site "Montigny le Bretonneux"]
[Date "2022.10.25"]
[Round "4.13"]
[White "Rosu, Alexandru"]
[Black "Briquet, Tom"]
[Result "0-1"]
[WhiteElo "1428"]
[BlackElo "1329"]
[Annotator "Rivier,Sylvain"]
[PlyCount "72"]
[EventDate "2022.??.??"]

{Partie des trois cavaliers} 1. e4 e5 2. Nf3 Nc6 3. Nc3 Bc5 4. Nxe5 Nxe5 5. d4
Bd6 6. dxe5 Bxe5 7. Bc4 Nf6 8. O-O O-O 9. Bg5 h6 10. Bd2 Bxc3 11. Bxc3 Nxe4 12.
Bd4 d5 13. Bd3 b6 14. Qf3 Bb7 15. Qh3 c5 16. Bxe4 dxe4 17. Bc3 Qg5 18. Rfe1 Bc8
19. Qg3 Qxg3 20. hxg3 Bb7 21. Rad1 Rad8 22. Be5 f5 23. Bc7 Rd4 24. Be5 Rd5 25.
Rxd5 Bxd5 26. Rd1 Bxa2 27. Ra1 Bc4 28. Rxa7 Rf7 29. Ra8+ Kh7 30. Rb8 b5 31. Rc8
g5 32. Rxc5 f4 33. g4 e3 34. Rc8 Re7 35. Rh8+ Kg6 36. Rg8+ Bxg8 0-1